=LDR 00000nam 2200000 4500 =001 INLIS000000000037559 =005 20130612143303 =008 ***********************************Ind** =035 ##$$a0010-061300000037559 =041 ##$$a Ind =082 ##$$a 371.11 =090 ##$$a 371.11, Gin j =100 ##$$a Ginanto, Dion Eprijum =245 ##$$a Jadi pendidik kreatif dan inspiratif, Dion Eprijun Ginanto ; penyunting, Tiwi =260 ##$$a 2011 $b Yogyakarta =300 ##$$a 119 hlm, ilus, 23 cm =650 ##$$a Guru-Profesionalisme =850 ##$$a NBPNMAT =990 ##$$a 90328/BPAP-NTB/2014 =990 ##$$a 21400573/BPAP-NTB/2014